Slovakia Political Briefing: 2019 Slovak Presidential Elections
Prvé a druhé kolo prezidentských volieb v SR v roku 2019. Výsledky prvého kola hlasovania o prezidentovi (16. marca 2019) na Slovensku - top šesť kandidátov. Výsledky druhého kola hlasovania Slovenska za prezidenta (30. marca 2019).
Salvato in:
| Autore principale: | |
|---|---|
| Natura: | Capitolo di libro |
| Lingua: | inglese |
| Soggetti: | |
| Tags: |
Nessun Tag, puoi essere il primo ad aggiungerne!!
|
MARC
| LEADER | 00000naa a2200000 4500 | ||
|---|---|---|---|
| 001 | 0271565 | ||
| 005 | 20240502083825.0 | ||
| 041 | 0 | |a eng | |
| 044 | |a HU | ||
| 245 | 1 | 0 | |a Slovakia Political Briefing: 2019 Slovak Presidential Elections |c Peter Csányi |
| 520 | |a Prvé a druhé kolo prezidentských volieb v SR v roku 2019. Výsledky prvého kola hlasovania o prezidentovi (16. marca 2019) na Slovensku - top šesť kandidátov. Výsledky druhého kola hlasovania Slovenska za prezidenta (30. marca 2019). | ||
| 610 | 2 | 0 | |a voľby |
| 610 | 2 | 0 | |a strany politické |
| 610 | 2 | 0 | |a Slovensko |
| 100 | 1 | |a Csányi, Peter, 1978- | |